000 00506nam a2200181Ia 4500
001 23936
005 20260414151010.0
008 260414t1999||||xx |||||||||||||| ||spa||
041 _aESP
082 _a722.7
_bF53
100 _aFiocchi Nicolai, Vicenzo
_eAUT
245 0 _aLas catacumbas cristianas de Roma :
_borigen, desarrollo, aparato decorativo y documentación epigráfica
260 _c1999
300 _a207 páginas :
_c29 cm.
650 _aABD
654 _aCAU
942 _cLIB
_dJUS
_fJUS
_2ddc
_n
999 _c23936
_d23936